Geography Quiz

Random Geography or State Quiz

Consecutive Letter State Abbreviations Quiz Stats

 Plays Quiz Updated Feb 29, 2016

Support Sporcle.
Go Orange.
Score 0/6 Timer 01:30
0 Plays Today
State % Correct
MN (Minnesota)
87.4%
DE (Delaware)
78.6%
HI (Hawaii)
78.5%
NM (New Mexico)
66.1%
WV (West Virginia)
56.7%
UT (Utah)
54.4%

You're not logged in!

Compare scores with friends on all Sporcle quizzes.
OR
Log In
Forgot?

From the Vault

Right or Wrong Author?

by Joshie_the_great

This quiz will get a lot easier when all our books are written by computers.
Remove Ads.
Support Sporcle.
Get the best of Sporcle when you Go Orange. This ad-free experience offers more features, more stats, and more fun while also helping to support Sporcle. Thank you for becoming a member.

Show Comments

Extras

Top Quizzes Today


Score Distribution

Your Account Isn't Verified!

In order to create a playlist on Sporcle, you need to verify the email address you used during registration. Go to your Sporcle Settings to finish the process.

Report this User

Report this user for behavior that violates our Community Guidelines.

Details: